| 000 | 00338nam a2200133Ia 4500 | ||
|---|---|---|---|
| 005 | 20260326235442.0 | ||
| 008 | 260326s9999||||xx |||||||||||||| ||und|| | ||
| 100 | _aSanz y Díaz, José | ||
| 245 | 0 |
_aPintores HispanoAmericanos Contemporáneos / _cJosé Sanz y Díaz |
|
| 260 | _bIberis | ||
| 300 | _a100 p. | ||
| 650 | _aARTE | ||
| 942 | _cBK | ||
| 999 |
_c7461 _d7461 |
||